Guay - Bad Gyal x Ozuna - Estadísticas

Estadísticas generales
  • Esta prueba ha sido intentada 12 veces
  • La puntuación promedio es 283 de 417
Estadísticas de respuestas
Letra Respuesta % Correcto
cinturita
100%
combi
100%
como
100%
Como
100%
de
100%
el
100%
es
100%
Es
100%
Esa
100%
guay
100%
Insta
100%
me
100%
Me
100%
mi
100%
que
100%
Que
100%
queda
100%
su
100%
y
100%
Y
100%
yo
100%
Yo
100%
a
89%
A
89%
coche
89%
desde
89%
en
89%
enseñando
89%
flipa
89%
Hace
89%
la
89%
le
89%
mira
89%
pa
89%
pita
89%
por
89%
se
89%
Se
89%
si
89%
Si
89%
tira
89%
con
78%
ella
78%
Ella
78%
escribo
78%
Influencer
78%
Lo
78%
lo
78%
responde
78%
tiempo
78%
vista
78%
Bad
67%
bonita
67%
caliente
67%
culpa
67%
del
67%
detone
67%
entero
67%
está
67%
fuera
67%
gusta
67%
Gyal
67%
has
67%
hasta
67%
madre
67%
modelo
67%
nací
67%
pelo
67%
Sin
67%
Ta
67%
ta
67%
vaquerita
67%
ve
67%
agarra
56%
amiguita'
56%
Anda
56%
antes
56%
comerme
56%
Ese
56%
ese
56%
flow
56%
hago
56%
Italia
56%
las
56%
lista
56%
los
56%
más
56%
mientras
56%
No
56%
no
56%
perreo
56%
pone
56%
posicione'
56%
puedo
56%
Quiere
56%
quiere
56%
quitarme
56%
Sabe
56%
sabe
56%
simple
56%
solita
56%
taco'
56%
tacones
56%
te
56%
tiene
56%
toa
56%
Toy
56%
trajo
56%
tre'
56%
vas
56%
verlo
56%
ya
56%
amiguitas
44%
baby
44%
consigas
44%
mis
44%
oh
44%
otro
44%
parar
44%
pasa
44%
perrea'
44%
pista
44%
pues
44%
puesto'
44%
revista
44%
siempre
44%
Siempre
44%
tu
44%
Tu
44%
Un
44%
apretá
33%
bellaca
33%
booty
33%
caramelo
33%
conectao
33%
cuando
33%
desvista
33%
estudiá
33%
Hi
33%
hi
33%
JLo
33%
loco
33%
mandan
33%
Music
33%
nuevo
33%
pantis
33%
parcero'
33%
pero
33%
perreito
33%
pinta
33%
piquete
33%
puse
33%
quiero
33%
Quiero
33%
siguió
33%
tiempos
33%
verla
33%
40
22%
bien
22%
blandito
22%
busca
22%
celo
22%
chingar
22%
enfoca
22%
Guarda
22%
mirada
22%
Outfit
22%
pase
22%
pide
22%
revuleo
22%
rompe
22%
sudaíta
22%
tranqui
22%
verte
22%
visto
22%
Yampi
22%
afeitá
11%
bailarte
11%
corta
11%
dejó
11%
Huele
11%
ja
11%
Llega
11%
mete'
11%
Pagani
11%
peine
11%
Poses
11%
prendo
11%
rico
11%
sola
11%
Intro Uoh
11%
uoh
11%
cae
0%
cógelo
0%
feka
0%
No se encontraron pruebas coincidentes
Distribución de puntuación
Porcentaje de gente con cada puntuación
Porcentaje por número respondido
Historial de tus puntuaciones
No has intentado esta prueba.